000 00290nam a22001337a 4500
008 171121b xxu||||| |||| 00| 0 eng d
020 _a9780073532035
041 _aeng
080 _29 ED
_a159.9
100 _a48
101 _aPSI
245 _aADOLESCENCE
_cLAURENCE.S
942 _2udc
_cBK
999 _c38286
_d38286